000 00380cam a2200145ua 4500
003 OSt
008 240213b |||||||| |||| 00| 0 eng d
041 _amal
082 _a320.58G
_bGAN/GO
100 _aGandhi, M K.
_94546
245 _aGokhale ente rashtreeya guru /
260 _aKottayam :
_bSahitya Pravarthaka Co-operative Society ,
_c1957.
300 _a127 ; .
942 _cBK
999 _c5050
_d5050